Nuevo estatuto general de la contratación administrativa Decretos reglamentarios (Registro nro. 17374)

Detalles MARC
000 -ENCABEZADO
Número de control [NR] 00973nam a2200265Ia 4500
008 - DE LONGITUD FIJA DE DATOS DE ELEMENTOS - INFORMACIÓN GENERAL
Elementos de longitud fija [NR] 130821s1996 ck gr spa
020 ## - NUMERO INTERNACIONAL NORMALIZADO PARA LIBROS [R]
Número Internacional Normalizado del libro [NR] 9589276431
040 ## - FUENTE DE CATALOGACION [NR]
Agencia de catalogación original [NR] Co-BoUCM
Idioma de catalogación [NR] spa
041 ## - CODIGO DE IDIOMA [R]
Código de idioma para texto/pista de sonido o título separado [R] Español
100 ## - ASIENTO PRINCIPAL--NOMBRE PERSONAL [NR]
Nombre personal [NR] Betancur Cuartas, Jaime
ID Autoridad 39321
245 ## - MENCION DE TITULO [NR]
Título [NR] Nuevo estatuto general de la contratación administrativa Decretos reglamentarios
Mención de responsabilidad, etc. [NR] Jaime Betancur Cuartas
250 ## - MENCION DE EDICION [NR]
Mención de edición [NR] 7a. ed.
260 ## - PUBLICACION, DISTRIBUCION, ETC. (PIE DE IMPRENTA) [R]
Lugar de publicación, distribución, etc. [R] Medellín (Antioquia, Colombia)
Nombre del editor, distribuidor, etc. [R] Biblioteca Jurídica Diké
Fecha de publicación, distribución, etc. [R] 1996
300 ## - DESCRIPCION FISICA [R]
Extensión [R] 456 páginas
500 ## - NOTA GENERAL [R]
Nota general [NR] Libro disponible en 48 horas a partir de la solicitud.
504 ## - NOTA DE BIBLIOGRAFIA, ETC. [R]
Nota de bibliografía, etc. [NR]
650 04 - ASIENTO SECUNDARIO DE MATERIA - TERMINO TEMATICO [R]
Término temático o nombre geográfico como elemento de entrada [NR] Contratos administrativos
9 (RLIN) 7452
650 04 - ASIENTO SECUNDARIO DE MATERIA - TERMINO TEMATICO [R]
Término temático o nombre geográfico como elemento de entrada [NR] Contratos administrativos
Subdivisión general [R] Legislación
Subdivisión geográfica [R] Colombia
9 (RLIN) 59077
650 04 - ASIENTO SECUNDARIO DE MATERIA - TERMINO TEMATICO [R]
Término temático o nombre geográfico como elemento de entrada [NR] Derecho administrativo
9 (RLIN) 12695
650 04 - ASIENTO SECUNDARIO DE MATERIA - TERMINO TEMATICO [R]
Término temático o nombre geográfico como elemento de entrada [NR] Derecho
9 (RLIN) 7494
650 04 - ASIENTO SECUNDARIO DE MATERIA - TERMINO TEMATICO [R]
Término temático o nombre geográfico como elemento de entrada [NR] Legislación
9 (RLIN) 7782
651 ## - ASIENTO SECUNDARIO DE MATERIA - NOMBRE GEOGRAFICO [R]
Nombre geográfico [NR] Colombia
9 (RLIN) 26889
942 ## - ELEMENTOS DE ENTRADA AGREGADOS (KOHA)
Tipo de ítem principal el descrito en 300a Libro
Tema principal Derecho
Edición 7
Parte restante de la signatura top. B37
Título oculto en OPAC No
Sistema de clasificación DEWEY
Clasificación 342.06
Existencias
Fecha de último préstamo Total préstamos Signatura topográfica Código de barras Última vez visto Volúmen / Fascículo Ejemplar Price effective from Tipo de ítem Perdido Sistema de clasificación Dañado No prestable Tipo de ítem específico Suprimido Ubicación habitual Ubicación actual Localización Fecha de creación Forma de adquisición Costo Costo de reposición Proveedor
03/11/2004 3 342.06 B37 100038097 02/12/2016 7A. ED. Ej.1 03/02/2013 Libro   DEWEY     Libro   Bodega Bodega Préstamo 4 días después de solicitado 28/02/2003 Compra 26000.00    
    342.06 B37 100162821 06/12/2024 7a.Ed. Ej.2 31/07/2019 Libro   DEWEY     Libro   BodegaJK Claustro Préstamo 2 días después de solicitado 31/07/2019 Donación 0.00 26000.00 12